| 000 | 00630nam a2200229 i 4500 | ||
|---|---|---|---|
| 001 | 64358 | ||
| 003 | ES-MaACL | ||
| 005 | 20230906165118.0 | ||
| 007 | t| | ||
| 008 | 031223s1971 sp ||||1| spa d | ||
| 080 | _a320-311.2"19" | ||
| 100 | 1 |
_aFlowers, Charles. _951366 |
|
| 245 | 1 | 0 |
_aNunca llueve en los Ángeles / _cCharles Flowers ; [traducción de Mary Rowe]. |
| 250 | _a1ª ed. | ||
| 260 |
_aBarcelona : _bNoguer, _c1971. |
||
| 300 |
_a299 p. ; _c19 cm. |
||
| 490 | 1 |
_aEsfinge ; _v19 |
|
| 700 | 1 |
_aRowe, Mary. _9100179 |
|
| 830 | 1 |
_aEsfinge ; _v19 _9183661 |
|
| 852 | 4 |
_aES-MaACL _jC-39344 |
|
| 999 |
_c64358 _d64358 |
||